000 00999nam a2200253 i 4500
001 bg
100 1 _aHANN, Mieczysław
245 1 0 _aWybrane zagadnieia bezpieczeństwa i niezawodności obiektów górnictwa morskiego /
_cMieczysław Hann, Jurij N. Siemionow, Włodzimierz Rosochacki ; Politechnika Szczecińska. Instytut Oceanotechniki i Okrętownictwa.
260 _aSzczecin :
_bWydaw. Uczelniane PS,
_c1998.
300 _a121, [1] s. :
_b1 fot. kolor., rys., wykr. ;
_c24 cm.
504 _aBibliogr. przy rozdz.
650 9 _aGórnictwo morskie
_xurządzenia
_xbezpieczeństwo
_xbadanie
650 9 _aNiezawodność urządzeń
_xbadanie
_xmetody
700 1 _aSIEMIONOW, Jurij N.
700 1 _aROSOCHACKI, Włodzimierz
710 0 _aPolitechnika Szczecińska
_bInstytut Oceanotechniki i Okrętownictwa
020 _a8387423521
040 _cBPK
041 0 _apl
_bru
080 _a622(26):62-192
920 _a83-87423-52-1
942 _cKS
008 s pl f |000 0 pol
999 _c34104
_d34104
856 _uhttp://koha.tu.koszalin.pl/cgi-bin/koha/opac-detail.pl?biblionumber=34104
_yKatalog online BPK